000 00510nab a2200157Ia 4500
003 ES-SlBCS
005 20210601143400.0
008 140529s1982 xxu||||| |||| 00| 0 spa d
041 _aspa
100 1 _aLevasseur, M.-C.
_9285562
245 0 0 _a¿Tiene sexo el sistema nervioso?
_c M.-C. Levasseur, C. Allais
650 0 4 _aSistema Nervioso
_9130174
700 1 _aAllais, C.
_9285563
773 0 _tMundo Cientifico (Traducción de: la Recherche Scientifique)
_gnº. 10, 1982, págs. 47-49
_wRev1669
942 _cAR
999 _c691475
_d691475